|
|
|
|
| LEADER |
00000nas a2200000 i 4500 |
| 001 |
ssj0001766184 |
| 003 |
WaSeSS |
| 005 |
20200512172242.0 |
| 006 |
m d |
| 007 |
cr n |
| 008 |
151124c20159999cauqr pos 0 a0eng c |
| 010 |
|
|
|a 2016260032
|
| 015 |
|
|
|a GBB566470
|2 bnb
|
| 016 |
7 |
|
|a 2819814-1
|2 DE-600
|
| 016 |
7 |
|
|a 1070468037
|2 DE-101
|
| 016 |
7 |
|
|a 016740368
|2 Uk
|
| 022 |
|
|
|a 2056-3051
|l 2056-3051
|
| 035 |
|
|
|a (WaSeSS)ssj0001766184
|
| 040 |
|
|
|a FIE
|b eng
|e pn
|c FIE
|d OCLCO
|d CUS
|d OCLCF
|d ORU
|d AU@
|d OCLCQ
|d NLE
|d ORU
|d UKMGB
|d UAB
|d U3W
|d VT2
|d DLC
|d WaSeSS
|
| 042 |
|
|
|a pcc
|
| 050 |
0 |
0 |
|a HM742
|
| 082 |
0 |
4 |
|a 300
|
| 222 |
|
0 |
|a Social media + society
|
| 245 |
0 |
0 |
|a Social media + society
|h [electronic resource].
|
| 246 |
1 |
3 |
|a SM+S
|
| 246 |
1 |
|
|a Social media and society
|
| 260 |
|
|
|a [Thousand Oaks, California?] :
|b Sage Publications Ltd,
|c 2015-
|
| 310 |
|
|
|a Quarterly
|
| 362 |
1 |
|
|a Began with April/June 2015.
|
| 506 |
|
|
|a License restrictions may limit access.
|
| 515 |
|
|
|a Articles are posted as they become available.
|
| 588 |
|
|
|a Description based on: April/June 2015; title from journal home page (publisher's web site, viewed July 14, 2016).
|
| 588 |
|
|
|a Latest issue consulted: Volume 5, issue 3 (July-September 2019) (Sage Journals, viewed August 7, 2019).
|
| 650 |
|
0 |
|a Social media
|x Social aspects
|v Periodicals.
|
| 655 |
|
0 |
|a Electronic journals.
|
| 850 |
|
|
|a DLC
|
| 856 |
4 |
0 |
|z Full text available from Research Library: 04/01/2015 to present
|u https://search.proquest.com/publication/4451063
|